Harry Potter : Horcruxes - Statistiques

Statistiques générales
  • Ce quiz a été pris 1 628 fois
  • Le résultat moyen est 6 sur 7
Statistiques - réponses
Indice Indice Indice Réponse % Correct
Le journal de Tom Jedusor détruit dans Harry Potter et la chambre des secrets avec un des crochets du basilic Harry Potter
100%
Le médaillon de Salazar Serpentard détruit dans Harry Potter et les reliques de la mort (partie 1) avec l'épée de Godric Gryffondor Ron Weasley
96%
La coupe de Helga Poufsouffle détruite dans Harry Potter et les reliques de la mort (partie 2) avec un des crochets du basilic Hermione Granger
95%
Harry Potter tué dans Harry Potter et les reliques de la mort (partie 2) avec le sortilège Avada Kedavra Lord Voldemort
94%
Nagini tuée dans Harry Potter et les reliques de la mort (partie 2) avec l'épée de Godric Gryffondor Neville Londubat
92%
La bague des Gaunt détruite dans Harry Potter et le prince de sang-mêlé avec l'épée de Godric Gryffondor Albus Dumbledore
87%
Le diadème de Rowena Serdaigle détruit dans Harry Potter et les reliques de la mort (partie 2) avec le sortilège de Feudeymon Vincent Crabbe
60%
Aucun quiz correspondant
Distribution des résultats
% des personnes avec chaque résultat
Percentile par nombre de réponses
Votre historique - résultats
Vous n’avez pas pris ce quiz